Visualizzazione normale
Vista MARC
- Linares Carmen
di Personal Name
Records bibliografici associati: 1
001 - CONTROL NUMBER
- control field: 33038
003 - CONTROL NUMBER IDENTIFIER
- control field: IT-RoPau
005 - DATE AND TIME OF LATEST TRANSACTION
- control field: 20140703120140.0
008 - FIXED-LENGTH DATA ELEMENTS
- fixed length control field: 140703|| aca||aabn | a|a d
040 ## - CATALOGING SOURCE
- Original cataloging agency: IT-RoPau
- Transcribing agency: IT-RoPau
100 ## - HEADING--PERSONAL NAME
- Personal name: Linares Carmen
670 ## - SOURCE DATA FOUND
- Source citation: Work cat.: (IT-RoPau)102924: Linares Carmen, Carmen Linares en antologia